[Event "Cappelle op 31st"]
[Site "Cappelle la Grande"]
[Date "2015.03.06"]
[Round "8"]
[White "Kulaots, Kaido"]
[Black "Bachmann, Axel"]
[Result "1/2-1/2"]
[WhiteElo "2558"]
[BlackElo "2601"]
[Annotator "RR"]
[PlyCount "126"]
[EventDate "2015.02.28"]
[EventType "swiss"]
[EventRounds "9"]
[EventCountry "FRA"]
[SourceTitle "EXT 2016"]
[Source "ChessBase"]
[SourceDate "2015.10.08"]
[SourceVersion "1"]
[SourceVersionDate "2015.10.08"]
[SourceQuality "1"]

1. e4 {[%emt 0:00:00]} e5 {[%emt 0:00:31]} 2. Nf3 {[%emt 0:00:00]} Nc6 {
[%emt 0:00:17]} 3. Bb5 {[%emt 0:00:19]} a6 {[%emt 0:00:17]} 4. Ba4 {[%emt 0:00:
06]} Nf6 {[%emt 0:02:03]} 5. O-O {[%emt 0:00:50]} b5 {[%emt 0:00:15]} 6. Bb3 {
[%emt 0:00:05]} Bb7 {[%emt 0:00:24]} 7. d3 {[%emt 0:01:54]} (7. Re1 d6 8. c3
Be7 9. h3 O-O 10. d4 Re8 11. Nbd2 Bf8 12. a3 $5 g6 (12... h6) 13. Ba2 Bg7 14.
d5 (14. b4) 14... Ne7 15. Nf1 c6 $5 $146 16. dxc6 Bxc6 {Kulaots,K (2572)
-Zjukin,S (2373)  EST-20thChT 2005 (1) 1/2}) 7... Be7 {[%emt 0:03:51]} 8. Nc3 {
[%emt 0:03:18]} O-O {[%emt 0:01:05]} 9. a3 {[%emt 0:07:29]} d6 {[%emt 0:03:00]}
(9... Bc5 10. Ba2 h6 11. Be3 d6 12. Bxc5 dxc5 13. a4 b4 14. Nd5 Na5 15. Ne3 Re8
16. g3 Qd7 17. Bc4 Rad8 18. Nd2 Qh3 19. Qe2 Nh7 20. Nb3 Nxb3 21. Bxb3 Ng5 22.
f3 Qd7 23. Bc4 Bc6 24. b3 Qc8 25. h4 Ne6 26. Bxe6 Qxe6 27. f4 exf4 28. Rxf4 Qe5
29. Raf1 Bd7 30. Rxf7 Qxg3+ 31. Ng2 c4 32. bxc4 Bxa4 33. Qe3 Qxe3+ 34. Nxe3 b3
35. cxb3 Rxd3 36. Nd5 Bxb3 37. Ne7+ Kh7 38. Nf5 Bxc4 39. Rxc7 {Ponomariov,R 
(2713)-Harikrishna,P (2729) Tsaghkadzor 2015 1/2-1/2}) 10. Bd2 {[%emt 0:05:31]
Une ligne secondaire} Qd7 {[%emt 0:05:10]} 11. Re1 {[%emt 0:08:36]} Rae8 $146 {
[%emt 0:17:54]} (11... Nd4 12. Nxd4 exd4 13. Ne2 c5 14. Ng3 d5 15. e5 Ne8 16.
c3 dxc3 17. bxc3 Nc7 18. d4 f6 19. exf6 Rxf6 20. Bg5 Re6 21. Bxe7 Qxe7 22. Rxe6
Nxe6 23. Qg4 Rf8 24. Re1 Rf6 25. Bc2 Qf7 26. dxc5 Bc6 27. Nf5 h5 28. Qe2 Nf4
29. Qe5 Re6 30. Qb8+ Be8 31. Rxe6 Qxe6 32. Ne3 Ne2+ 33. Kf1 Nxc3 34. Bf5 Qf7
35. Qe5 Bd7 36. Bxd7 Qxd7 37. Qxc3 d4 38. Qb3+ Kf8 39. Nd5 a5 40. Qf3+ Kg8 41.
c6 {De Vreugt,D (2411)-Van de Oudeweetering,A (2368) Netherlands 2008 1-0}) 12.
a4 {[%emt 0:07:50]} Nd4 {[%emt 0:04:11]} 13. Nxd4 {[%emt 0:01:44]} exd4 {
[%emt 0:00:10]} 14. Ne2 {[%emt 0:01:00]} c5 {[%emt 0:00:15]} 15. axb5 {[%emt 0:
02:24]} axb5 {[%emt 0:00:10]} 16. Ng3 {[%emt 0:01:11]} Bd8 {[%emt 0:00:59]} (
16... Qc7 {[%cal Gc5c4]}) 17. c3 {[%emt 0:04:56]} dxc3 {[%emt 0:20:12]} 18.
Bxc3 $14 {[%emt 0:00:12]} Bc6 {[%emt 0:04:10]} 19. d4 $5 {[%emt 0:17:57]
Après une longue réflexion, les Blancs décident de sacrifier le Pe4} b4 {
[%emt 0:01:55]} 20. Bd2 {[%emt 0:01:32]} Bxe4 {[%emt 0:00:53]} (20... Nxe4 $2
21. d5) 21. Nxe4 {[%emt 0:01:05]} Rxe4 {[%emt 0:01:39]} 22. Rxe4 {[%emt 0:07:
57]} Nxe4 {[%emt 0:00:38]} 23. dxc5 {[%emt 0:02:07]} dxc5 {[%emt 0:02:23]} 24.
Be3 $44 {[%emt 0:00:57]} Qxd1+ {[%emt 0:00:14]} 25. Rxd1 {[%emt 0:00:11]} Bg5 {
[%emt 0:00:08]} 26. Bxg5 {[%emt 0:13:50]} Nxg5 {[%emt 0:00:08]} 27. Rd7 $1 {
[%emt 0:01:28]} Ne6 {[%emt 0:02:17]} 28. g3 {[%emt 0:03:54]} Ra8 {[%emt 0:01:
58]} 29. Bc4 {[%emt 0:00:21]} Ra1+ {[%emt 0:02:07]} 30. Kg2 {[%emt 0:00:04]} h5
{[%emt 0:02:45]} 31. h4 {[%emt 0:00:14]} g6 {[%emt 0:00:34]} 32. b3 {[%emt 0:
02:12]} Kf8 {[%emt 0:00:24]} 33. Rb7 {[%emt 0:01:37]} Rc1 {[%emt 0:01:16]} 34.
Ra7 {[%emt 0:00:36] Les deux camps ont du mal à progresser et ils jouent des
coups d'attente pour passer le contrôle de temps} Re1 {[%emt 0:00:26]} 35. Rb7
{[%emt 0:00:11]} Re5 {[%emt 0:01:03]} 36. Ra7 {[%emt 0:00:18]} Re1 {[%emt 0:02:
43]} 37. Rb7 {[%emt 0:00:11]} Rd1 {[%emt 0:03:08]} 38. Ra7 {[%emt 0:00:25]} Rd6
{[%emt 0:00:06]} 39. Kf3 {[%emt 0:02:23]} Kg7 {[%emt 0:02:04]} 40. Ke3 {
[%emt 0:00:00]} Kf6 {[%emt 0:00:00]} 41. Rb7 {[%emt 0:03:08]} Rd1 {[%emt 0:04:
22]} 42. Ke2 {[%emt 0:00:47]} Rd8 {[%emt 0:00:11]} 43. Ra7 {[%emt 0:08:45]} Re8
{[%emt 0:01:03]} 44. Kd3 {[%emt 0:00:11]} Re7 {[%emt 0:00:30]} 45. Ra5 {
[%emt 0:00:45]} Rd7+ {[%emt 0:00:16]} 46. Ke3 {[%emt 0:00:28]} Rd1 {[%emt 0:01:
28]} 47. Ra7 {[%emt 0:01:24]} Rc1 {[%emt 0:04:14]} 48. Rb7 {[%emt 0:01:33]}
Rc3+ {[%emt 0:02:34]} 49. Ke4 {[%emt 0:01:35]} g5 {[%emt 0:00:48]} 50. hxg5+ {
[%emt 0:04:21]} Nxg5+ {[%emt 0:00:11]} 51. Kd5 {[%emt 0:00:03]} Ne6 {[%emt 0:
00:15]} 52. Ke4 {[%emt 0:04:25]} Ng5+ {[%emt 0:03:59]} 53. Kd5 {[%emt 0:00:05]}
Rf3 {[%emt 0:00:10]} 54. Kxc5 {[%emt 0:00:28]} Rxf2 {[%emt 0:00:07]} 55. Rxb4 {
[%emt 0:00:32]} Rg2 {[%emt 0:00:09]} 56. Bd5 {[%emt 0:02:08]} Rxg3 {[%emt 0:00:
27] Les chances de gain des Noirs sont assez limitées car le Bd5 contrôle la
case de promotion.} 57. Rh4 {[%emt 0:00:15]} Ne6+ {[%emt 0:02:44]} 58. Bxe6 {
[%emt 0:03:58]} fxe6 {[%emt 0:00:41]} 59. Rxh5 {[%emt 0:00:18]} (59. b4 Kg5 60.
Re4 Kf5 61. Rh4 $11) 59... Rxb3 {[%emt 0:00:11]} 60. Kd4 {[%emt 0:00:10]} e5+ {
[%emt 0:00:16]} 61. Rxe5 {[%emt 0:00:13]} Rb4+ {[%emt 0:00:07]} 62. Kc5 {
[%emt 0:00:05]} Rb5+ {[%emt 0:00:07]} 63. Kxb5 {[%emt 0:00:07]} Kxe5 {[%emt 0:
00:04]} 1/2-1/2

[Event "FIDE World Cup"]
[Site "Baku"]
[Date "2015.09.25"]
[Round "5.5"]
[White "Karjakin, Sergey"]
[Black "Mamedyarov, Shakhriyar"]
[Result "1-0"]
[WhiteElo "2762"]
[BlackElo "2736"]
[Annotator "Ramirez Alvarez,A"]
[PlyCount "72"]
[EventDate "2015.09.11"]
[EventType "k.o."]
[EventRounds "7"]
[EventCountry "AZE"]
[SourceTitle "CBM 169"]
[Source "ChessBase"]
[SourceDate "2015.11.10"]
[SourceVersion "1"]
[SourceVersionDate "2015.11.10"]
[SourceQuality "1"]

1. e4 e5 2. Nf3 Nc6 3. Bb5 Nf6 4. d3 d6 5. O-O Be7 6. c3 O-O 7. Re1 a6 8. Ba4
b5 9. Bc2 d5 10. Nbd2 d4 11. h3 Nd7 12. Bb3 Bb7 13. Bd5 dxc3 14. bxc3 Bd6 15.
Nb3 Nb6 16. c4 Na4 17. Bd2 Qe7 18. Qc2 {White has a very nice advantage. His
pieces are obviously in better squares, he has targets in Black's pawn
structure and Black doesn't have a good plan.} bxc4 19. dxc4 Bb4 {Black's
pieces are so uncoordinated that White has decisive blow already.} 20. Bxc6 (
20. c5 $1 {The pawn is taboo, but also there is no good way of preventing a3!}
Bxc5 (20... Nxc5 21. Bxc6 Nxb3 22. axb3 Bxc6 23. Qxc6 $18) (20... Rab8 21. a3
Bxd2 22. Nbxd2 Nxc5 23. Rac1 {wins a piece anyway.}) 21. Nxc5 Nxc5 22. Rac1 $18
) 20... Bxc6 21. Bxb4 Qxb4 22. Nxe5 Qd6 23. Nxc6 Qxc6 24. Nd4 Qc5 25. Nb3 Qe5
26. Rad1 {White is up a pawn with a good position, but in such fast time
control anything can happen...} Rfe8 27. Re3 Rab8 28. Rd5 Qb2 29. Qxb2 Nxb2 30.
c5 Nc4 31. Re2 a5 32. Rd4 a4 33. Rxc4 axb3 34. axb3 Rxb3 35. Rd2 Kf8 36. f3 Rb5
{It seems like Mamedyarov is hanging on like a champ. The rook endgame is by
no means easy to win. Black is active and if he can somehow trade off the
c-pawns he will be in great shape to hold a 4v3 draw. However, Mamedyarov
flagged! With this loss he was forced to win the next game.} 1-0

[Event "FIDE World Cup"]
[Site "Baku"]
[Date "2015.09.21"]
[Round "4.2"]
[White "Topalov, Veselin"]
[Black "Svidler, Peter"]
[Result "1/2-1/2"]
[WhiteElo "2816"]
[BlackElo "2727"]
[Annotator "Ramirez Alvarez,A"]
[PlyCount "83"]
[EventDate "2015.09.11"]
[EventType "k.o."]
[EventRounds "7"]
[EventCountry "AZE"]
[SourceTitle "CBM 169"]
[Source "ChessBase"]
[SourceDate "2015.11.10"]
[SourceVersion "1"]
[SourceVersionDate "2015.11.10"]
[SourceQuality "1"]

1. e4 e5 2. Nf3 Nc6 3. Bb5 a6 4. Ba4 Nf6 5. O-O Be7 6. d3 b5 7. Bb3 d6 8. a3
Na5 9. Ba2 c5 10. Nc3 Be6 11. Bxe6 fxe6 12. Ne2 Nc6 13. Ng3 O-O 14. c3 Qd7 15.
Qe2 Rad8 16. Rd1 d5 17. b4 h6 18. Bd2 Rfe8 19. h3 Bd6 20. Be1 Qc7 21. Rdc1 Qd7
22. bxc5 Bxc5 23. a4 bxa4 24. Rxa4 a5 25. Qa2 Bb6 26. c4 dxe4 27. dxe4 Bc7 28.
c5 Qd3 29. Bc3 Qb5 30. Rb1 Qa6 31. Nd2 Rd3 32. Qc2 Red8 33. Nc4 Qa7 34. Nb6 Qa6
35. Qa2 Rd1+ 36. Rxd1 Rxd1+ 37. Kh2 Kf7 38. Bxa5 Qb5 39. Nc4 (39. Qc4 $1) 39...
Nxa5 40. Nxa5 Qxc5 41. Nb3 $2 (41. Nc4 $11 {Black's structure is bad but he is
very active. Svidler should hold.}) 41... Qc3 42. Ra7 $4 {Probably this move
came with a draw offer. Svidler took it, though he is winning:} (42. Ra7 Qe1
43. Rxc7+ Kg6 {White is getting mated and his knight is trapped. For example:}
44. Nf5 Qg1+ 45. Kg3 Nh5+ 46. Kf3 Rd3+ 47. Ne3 Nf4 {and White will soon be
mated on g2.}) 1/2-1/2

[Event "Moscow Aeroflot op-A"]
[Site "Moscow"]
[Date "2007.02.20"]
[Round "7"]
[White "Jakovenko, Dmitrij"]
[Black "Akopian, Vladimir Eduardovic"]
[Result "1-0"]
[WhiteElo "2691"]
[BlackElo "2700"]
[Annotator "Reeh,O"]
[PlyCount "87"]
[EventDate "2007.02.14"]
[EventType "swiss"]
[EventRounds "9"]
[EventCountry "RUS"]
[SourceTitle "CBM 117"]
[Source "ChessBase"]
[SourceDate "2007.03.30"]
[SourceVersion "1"]
[SourceVersionDate "2007.03.30"]
[SourceQuality "1"]

1. e4 e5 2. Nf3 Nc6 3. Bb5 a6 4. Ba4 Nf6 5. O-O Be7 6. d3 d6 7. c3 O-O 8. Re1
b5 9. Bc2 Re8 10. Nbd2 Bf8 11. Nf1 g6 12. Ng3 Bg7 13. a4 b4 14. a5 bxc3 15.
bxc3 Rb8 16. h3 Bd7 17. Bb3 Rb5 $6 18. Ba4 Rxa5 19. Ra3 $1 {All of a sudden
the rook on a5 is in grave danger! Plötzlich schwebt der Ta5 in großer Gefahr!}
Rc5 20. d4 exd4 21. cxd4 Rb5 22. Bxb5 axb5 $16 23. d5 Ne7 24. Bb2 b4 25. Ra7
Nc8 26. Rb7 Nb6 27. Qc2 Ba4 28. Qc1 b3 29. Qa1 Bd7 30. Bd4 Bc8 31. Rb8 Qe7 32.
Rc1 Nfd7 {[%tqu "En","Black has just attacked the white rook on b8 with 32...
Nfd7. What would you play?","Take care of hanging pieces!","The bishop on g7
is hanging, but the immediate 33.Bxg7 would allow 33...Nxb8 when Black can
still struggle.","b8c8","Of course!  This intermediate capture wins a piece.",
10,"De","Schwarz hat gerade mit 32...Sfd7 den Turm b8 angegriffen. Was würden
Sie spielen?","Man achte auf hängende Figuren!","Der Läufer auf g7 hängt, aber
das sofortige 33.Lxg7 würde 33...Sxb8 erlauben, wonach Schwarz noch strampeln
kann.","b8c8","Natürlich!  Dieses Zwischenschlagen gewinnt eine Figur.",10]}
33. Rxc8 $1 {Winning a piece! Gewinnt eine Figur!} (33. Rxc7 {would be less
forceful due to wäre weniger kraftvoll wegen} Bxd4 34. Qxd4 (34. Nxd4 Qf6)
34... Qd8 $1 {and the double attack on both his rooks forces White to give
back the exchange. und der Doppelangriff auf die weißen Türm zwingt Weiß, die
Qualität zurückzugeben.}) 33... Rxc8 (33... Bxd4 34. Rxe8+ {would cost a full
rook. würde einen vollen Turm kosten.}) 34. Bxg7 $18 Ra8 35. Qd4 f5 36. Bh6 Ra4
37. Qb2 fxe4 38. Nd2 Nc5 {[%tqu "En","White is a piece up, but Black has a
strong b-pawn and threatens ...Nd3. What to do?","Open files and diagonals!",
"In only two moves White will have a passed c-pawn!","c1c5","Correct - White's
d-pawn will become a monster now.",10,"De","Weiß hat eine Figur mehr, doch
Schwarz besitzt einen starken b-Bauern und droht ...Sd3. Was ist zu tun?",
"Öffnen Sie Linien und Diagonalen!","Innerhalb von nur zwei Zügen wird Weiß
einen freien d-Bauern haben!","c1c5","Korrekt - der weiße d-Bauer wird jetzt
zu einem Monster werden.",10]} 39. Rxc5 $1 {Now White's d-pawn will come to
life! Wir machen den Weg frei!} dxc5 {[%tqu "En","Show the point of White's
sacrifice on the previous move.","White can uproot the knight b6, using the
fact that the black queen must defend against the mate threat on g7.","",
"d5d6","Yep!",10,"De","Zeigen Sie die Pointe des weißen Opfers im vorigen Zug.
","Weiß kann den Springer b6 entwurzeln, dank der Tatsache, dass die schwarze
Dame die Mattdrohung auf g7 decken muss.","","d5d6","Jawoll!",10]} 40. d6 $1 {
This pawn move opens the diagonal b3-g8 uprooting the knight b6. Black's queen
can't take due to 41.Qg7++. Dieser Bauernstoß öffnet die Diagonale b3-g8 und
entwurzelt den Springer b6. Die schwarze Dame kann ja wegen 41.Dg7++ nicht
nehmen.} Qf7 (40... cxd6 41. Qxb3+ {and the knight on b6 falls. und der
Springer b6 fällt.}) 41. dxc7 c4 42. Qe5 Ra8 43. Ngxe4 Nd7 44. Qd4 1-0

[Event "Grenke Chess Classic 3rd"]
[Site "Baden-Baden"]
[Date "2015.02.04"]
[Round "3"]
[White "Adams, Michael"]
[Black "Baramidze, David"]
[Result "1-0"]
[WhiteElo "2738"]
[BlackElo "2594"]
[Annotator "Roiz,M"]
[PlyCount "61"]
[EventDate "2015.02.02"]
[EventType "tourn"]
[EventRounds "7"]
[EventCountry "GER"]
[EventCategory "20"]
[SourceTitle "CBM 165"]
[Source "ChessBase"]
[SourceDate "2015.03.11"]
[SourceVersion "1"]
[SourceVersionDate "2015.03.11"]
[SourceQuality "1"]

1. e4 e5 2. Nf3 Nc6 3. Bb5 a6 4. Ba4 Nf6 5. O-O Be7 6. d3 d6 7. c3 O-O 8. Re1
b5 9. Bc2 {This retreat is definitely the best attempt to pose Black any
problems.} (9. Bb3 Na5 10. Bc2 c5 {leads to a well-known theoretical position,
which is quite safe for Black.}) 9... d5 10. Nbd2 dxe4 ({The more ambitious} 
10... d4 {was successfully employed by Levon Aronian, but after} 11. a4 {
Black is under some pressure.}) 11. dxe4 {This symmetrical structure doesn't
guarantee an easy equality, since the q-side pawns chain is compromised.} Be6
12. a4 {Immediately admitting the main drawback of Black's position.} Bc5 $146
{This novelty doesn't help Black to solve his problems.} (12... b4 {looks like
a concession, as White gets control over the c4-square:} 13. Qe2 Qc8 14. Nc4
Nd7 15. a5 f6 16. Ne3 b3 17. Bb1 $14 {1-0 (49) Movsesian,S (2698)-Almasi,Z 
(2713)/Istanbul TUR 2012}) ({It looks like the best way to handle this
position is delivering the queen to b7:} 12... Qc8 $5 13. Qe2 Qb7 14. b4 Rfd8 (
14... Nh5 $5) 15. axb5 axb5 16. Rxa8 Rxa8 {Black had good chances for equality
in 1-0 (32) Movsesian,S (2699)-Matlakov,M (2665)/St Petersburg RUS 2012.}) 13.
Qe2 Ba7 {This awkward move is the best way to maintain the pressure.} ({
As in the above-mentioned note,} 13... b4 {helps White to extend his
initiative on the queenside:} 14. Nc4 Nd7 (14... Ng4 15. Rf1 $14) 15. a5 $14)
14. h3 $1 {This prophylactic move is almost always useful for White in the Ruy
Lopez.} ({After} 14. axb5 axb5 15. Qxb5 Ng4 16. Rxa7 Nxa7 17. Qe2 Qd6 18. h3
Nf6 {White would have sufficient compensation, but hardly more.}) 14... Nh5 ({
Passive defence doesn't suit David:} 14... Qb8 15. Ng5 Bd7 16. Nf1 h6 17. Nf3
$14) 15. Nf1 Qf6 $6 ({The following simplifications should still suit Michael
Adams, but it was much better for Black:} 15... Bc4 16. Qd1 Qxd1 (16... b4 17.
Ne3 Bxe3 18. Bxe3 bxc3 19. bxc3 $14) 17. Bxd1 Nf4 18. Bxf4 exf4 19. N1d2 Be6
20. b4 $14) 16. Bd3 $2 {For some reasons, Michael deviates from opening up the
a-file, though there is no way Black could profit from it.} (16. axb5 axb5 17.
Bd3 $1 ({There is no reason to enter into wild complications after} 17. Qxb5
Bxh3 18. Bg5 Qg6 19. Ba4 Bxg2 20. Kxg2 Nf4+ 21. Kh1 Nh3 {,though it also
should be in White's favoure.}) 17... b4 (17... Bxf2+ 18. Qxf2 Rxa1 19. Bg5
Rxe1 20. Bxf6 Rxf1+ 21. Bxf1 Nxf6 22. Bxb5 $18) 18. Bb5 Bd7 19. Rd1 $16) 16...
Ne7 $2 {This move is connected with a tactical blunder.} ({David Baramidze has
missed a golden opportunity to activate all his pieces at the cost of 1 pawn:} 
16... b4 $1 17. Bxa6 ({Nor does White gets anything special after} 17. a5 Rfb8
18. Bc4 bxc3 19. bxc3 Bxc4 20. Qxc4 Qe6 21. Qxe6 fxe6 22. Be3 Bxe3 23. Nxe3 Rb5
$11) 17... bxc3 18. bxc3 Na5 19. Rb1 h6 20. Bd3 Rfd8 $44) 17. axb5 axb5 (17...
h6 {was also hopeless:} 18. Rxa6 Bb6 19. Be3 $18 {and White is just 2 pawns up.
}) 18. Rxa7 $1 ({The text move is much stronger than} 18. Bxb5 h6 19. Be3 c6
20. Bd3 Bxe3 21. Qxe3 Nf4 $14) 18... Rxa7 19. Bg5 Qg6 20. Qe3 $1 {[%csl Ra7,
Re5,Re7] Perhaps, this quiet move was overlooked by David. Unfortunately for
him, Black cannot avoid a massive loss of material.} f6 21. Qxa7 fxg5 {Black
has too many weaknesses now. White's main task is to prevent any possible
counterplay along the f-file.} 22. Nxe5 (22. Qxc7 Nf4 23. Bxb5 g4 24. hxg4 Qxg4
25. Ne3 Nh3+ 26. Kf1 Qh4 27. Re2 $18) 22... Qf6 23. Ng4 $6 {This inaccuracy
makes the g6-square vacant for the Ne7, so Black gets more chances for
counterplay.} ({A much simpler way was} 23. Qc5 Nf4 24. Bxb5 c6 25. Ba6 Neg6
26. Nxg6 Qxg6 27. b4 g4 28. h4 $18 {and Black is unable to create any threats.}
) 23... Bxg4 24. hxg4 Nf4 $6 (24... Nc6 {was stronger:} 25. Qe3 (25. Qc5 Ne5
26. Bxb5 Nf4 27. Ng3 Ne6 28. Qa7 Kh8 $16) 25... Ne5 26. Bxb5 Nf4 27. Be2 Qe6
28. Ng3 g6 {with definite practical chances for a draw.}) 25. Bxb5 Nxg2 $2 {
This desperate attempt to complicate matters leads to an immediate loss.} ({
Much more resistant was} 25... Neg6 26. Nh2 Ne5 27. Bf1 h6 28. Rd1 {and White
still needs to play precisely in order to neutralise the activity of Black's
pieces and convert his material advantage.}) 26. Kxg2 Ng6 27. Nh2 Nf4+ 28. Kh1
{Now everything is under control. The remaining few moves were just an agony.}
Nh3 29. Qe3 Nxf2+ 30. Kg2 Qe5 31. Bc4+ 1-0